00955nam a2200277 i 450000100060000000300090000600500170001500700030003200800410003502000150007604000220009108000200011310000370013324500850017025000120025526000420026730000280030949000380033765500200037570000420039583000460043785200400048394200150052399900170053895201220055512033ES-MaACL20250804062640.0t|960111s1995 sp ||||0| spa j a8401385377 aM-BN bspa cM-BN a820(540)-31"19"1 aRushdie, Salman, d1947-924073713aEl último suspiro del moro / cSalman Rushdie ; traducción de Miguel Sáenz a1ª ed. aBarcelona : bPlaza & Janés, c1995 a491 páginas ; c22 cm1 aEl Ave Fénix. Serie mayor ;v37 0aNovelas92343191 aSáenz, Miguel, d1932-9101299etrl0 aEl Ave Fénix. Serie mayor ;v379228243 aES-MaACLjL-19369 bR.125709cDEPO2 cMONOGRAFIA c12033d12033 00104070aATENEOMbATENEOMcDEPO2d2008-01-17eSCl0oL-19369p1012261r2023-02-23 00:00:00w2023-02-23yMONOGRAFIA